MARC

LEADER 00000nam0a2200000 4500
001 142565
005 20231101220956.0
035 |a (RuTPU)RU\TPU\book\154495 
090 |a 142565 
100 |a 20080909d1974 km y0rusy50 ca 
101 0 |a rus 
102 |a RU 
105 |a a z 000zb 
200 1 |a Аминадав Моисеевич Каневский  |e альбом  |f авт. предисл. Т. И. Курочкина 
210 |a Москва  |c Советский художник  |d 1974 
215 |a 126 с.  |c ил. 
600 1 |a Каневский  |b А. М.  |c книжный и станковый график  |c карикатурист  |f 1898-1976  |g Аминадав Моисеевич  |2 stltpush  |3 (RuTPU)RU\TPU\pers\16211  |9 5758 
606 1 |a Иллюстрация книжная  |2 stltpush  |3 (RuTPU)RU\TPU\subj\12387  |9 39178 
610 1 |a искусство 
610 1 |a графика 
610 1 |a книжная графика 
610 1 |a книжные иллюстраторы 
610 1 |a альбомы 
675 |a 76:655(084)  |v 3 
686 |a Ч611  |2 rubbk 
702 1 |a Курочкина  |b Т. И.  |g Татьяна Ивановна  |4 080 
801 1 |a RU  |b 63413507  |c 20080909  |g PSBO 
801 2 |a RU  |b 63413507  |c 20210429  |g PSBO 
942 |c BK